00437 2200169 4500001002100000005001700021008004100038020001800079035002500097041000700122082001300129090001900142100001300161245003600174260004200210650001500252INLIS0000000000042060:yyyyMMddHHmmss180719||||||||| | ||| |||| || |  a979-22-2410-6 a0010-031300000004206 aid0 a641.8653 a641.8653 IND p0 aIndriani00aSeri usaha boga peanut brownies aJakartabGramedia pustaka utamac2006 0ausaha boga